000 00641nam a22002417a 4500
003 UA-OsUOA
001 125165
007 ta
008 20170908b un ||||| |||| 00| 0 ukr d
100 _aЗарівна Т.
090 _a821.161.2
_bЗ-34
942 _cBK
040 _aUA-OsUOA
_bukr
_cUA-OsUOA
_dUA-OsUOA
245 _aСторож покинутого раю
_bвірші
300 _a80 с.
955 _a3
041 _aukr
080 _a821.161.2
020 _a966-505-145-8
260 _aК.
_bСеда-Стиль
_c1997
650 7 _a82 Література. Літературознавство
_2UDC
999 _c412389
_d412389